000 002680000a22000970004500
100 1 _aMeggitt, Justin J.
245 1 0 _aThe social status of Erastus (Romans 16:23)
300 _aVol. 38, Num. 3 (Julio, 1996), Páginas 218-223
773 0 _tNovum Testamentum
942 _cANA
999 _c56922
_d56922